| 000 | 00785cam a2200217 a 4500 | ||
|---|---|---|---|
| 001 | 16907662 | ||
| 005 | 20241023183901.0 | ||
| 008 | 110808s2007 gh b 001 0 eng | ||
| 020 | _a9789988758622 | ||
| 020 | _a9988758626 | ||
| 050 | 0 | 0 |
_aKRX3466 _b.B56 2007 |
| 100 | 1 |
_aBimpong-Buta, S. Y., _d1940- |
|
| 245 | 1 | 4 |
_aThe role of the Supreme Court in the development of constitutional law in Ghana / _cby S.Y. Bimpong-Buta. |
| 260 |
_aAccra, Ghana : _bAdvanced Legal Publications, _c2007. |
||
| 300 |
_axli, 665 p. ; _c25 cm. _bindex |
||
| 500 | _aOriginally published as the author's thesis (LL. D.)--University of South Africa, 2005. | ||
| 650 | 0 |
_aConstitutional law _zGhana. |
|
| 650 | 0 |
_aConstitutional history _zGhana. |
|
| 650 | 0 |
_aJudicial review _zGhana. |
|
| 942 |
_2lcc _cBK _n0 |
||
| 999 |
_c150 _d150 |
||